Statistics for Flags with hands

Click here to take the quiz!

General Stats

  • This quiz has been taken 11 times
  • The average score is 17 of 18

Answer Stats

Answer% Correct
India
100%
Italy
100%
Jamaica
100%
Japan
100%
Liechtenstein
100%
Russia
100%
Turkey
100%
United Kingdom
100%
United States
100%
Bhutan
86%
Hong Kong
86%
Laos
86%
Luxembourg
86%
Macau
86%
Portugal
86%
Somalia
86%
Ukraine
86%
Antigua and Barbuda
71%

Score Distribution

Percentile by Number Answered

Percent of People with Each Score

Your Score History

You have not taken this quiz